Anagrammes de pays du monde en 4 lettres - Statistiques

Statistiques générales
  • Ce quiz a été pris 1 077 fois
  • Le résultat moyen est 8 sur 9
Statistiques - réponses
Anagramme Pays % Correct
UBAC Cuba
100%
AMLI Mali
98%
GOOT Togo
98%
ALOS Laos
97%
AKRI Irak
96%
RANI Iran
96%
DENI Inde
95%
MOAN Oman
89%
ERIE Eire
76%
Aucun quiz correspondant
Distribution des résultats
% des personnes avec chaque résultat
Percentile par nombre de réponses
Votre historique - résultats
Vous n’avez pas pris ce quiz